000 07767nam a22006497a 4500
005 20090121095147.0
008 090121t xxu||||| |||| 00| 0 eng d
010 _aB-359003
020 _a9788176937054
_c225..00
035 _aB-359003
035 _aB-335561-592
037 _bBlueberry Books
040 _adpl
_bEnglish
082 _a551.1
245 _aPogo book of earth /
_cedited by C.V.Indira...[et al]
260 _aNew Delhi
_bBPI India
_c2008
270 _a16, Ansari Road, Darya ganj
_bNew Delhi
_e110 002
300 _a64 p.:
_bcol. ill.
_c28cm(Hb)
500 _aIncludes index and glossary
700 _aIndira, C.V.
942 _2ddc
_cCH
_mPOG
_h551.1
999 _c21852
_d21852